Aclaraciones a la ética del discurso

Na minha lista:
Detalhes bibliográficos
Autor principal: Habermas, Jürgen (Author)
Formato: Livro
Idioma:espanhol
Publicado em: Madrid Trotta 2000
Colecção:Colección Estructuras y Procesos. Serie Filosofía
Assuntos:
Tags: Adicionar Tag
Sem tags, seja o primeiro a adicionar uma tag!

MARC

LEADER 00000nam a2200000 a 4500
001 UCN9200
003 CL-VaPUC
008 011130e20000000SP |||||||||||||||||spa|d
082 0 4 |a 170  |b HAB  |2 21 
100 0 |a Habermas, Jürgen  |e author  |9 334312 
245 1 0 |a Aclaraciones a la ética del discurso 
300 |a 236 p 
942 |c BK 
945 |d 20011130 00:00:00  |a vberengu 
260 |a Madrid  |b Trotta  |c 2000 
650 0 |a Ética  |9 255099 
650 0 |a Moral  |9 265913 
650 0 |a Filosofía alemana   |9 265002 
650 7 |a DESARROLLO MORAL  |2 CL-VaPUC  |9 310605 
583 |a last modification  |c 20011130 00:00:00  |k Rodrigo Vera 
490 0 |a Colección Estructuras y Procesos. Serie Filosofía 
999 |c 298722  |d 298720 
952 |0 0  |1 0  |4 0  |6 170_000000000000000_HAB_2000  |7 0  |8 DER_TF  |9 354567  |a BIBDER  |b BIBDER  |d 2019-11-21  |i 3779785  |o 170 HAB 2000  |p 3779785  |r 2023-01-25  |w 2019-11-21  |x Ubicación 4to Piso  |y BK  |z Estos recursos deben solicitarse con anticipación  |k DER 
952 |0 0  |1 0  |4 0  |6 170_000000000000000_HAB_2000  |7 0  |8 A  |9 354568  |a BIBDER  |b BIBDER  |d 2019-11-21  |i 3846385  |l 1  |o 170 HAB 2000  |p 3846385  |r 2025-03-27  |s 2025-03-13  |w 2019-11-21  |y BK  |k DER 
952 |0 0  |1 0  |4 0  |6 170_000000000000000_HAB_2000  |7 0  |8 A  |9 354569  |a BIBEDU  |b BIBEDU  |d 2019-11-21  |i 4628438  |o 170 HAB 2000  |p 4628438  |r 2019-11-21  |w 2019-11-21  |y BK  |k FIL